20 Biggest Cities in Oklahoma - Statistics

General Stats
  • This quiz has been taken 47 times
  • The average score is 13 of 20
Answer Stats
Hint Answer % Correct
709,330 Oklahoma City
100%
411,308 Tulsa
100%
130,674 Norman
95%
120,949 Broken Arrow
90%
90,207 Lawton
85%
50,379 Enid
80%
49,903 Stillwater
76%
63,608 Moore
71%
57,960 Midwest City
68%
99,221 Edmond
63%
36,898 Muskogee
59%
38,357 Bartlesville
51%
24,886 Ardmore
44%
42,084 Owasso
41%
24,285 Ponca City
41%
31,964 Shawnee
41%
27,253 Yukon
41%
31,350 Bixby
37%
28,045 Jenks
37%
24,318 Mustang
37%
No matching quizzes found
Score Distribution
Percent of People with Each Score
Percentile by Number Answered
Your Score History
You have not taken this quiz